| 000 | 00850nam a2200205 4500 | ||
|---|---|---|---|
| 005 | 20210507005042.0 | ||
| 008 | 210507b pe a|||gr|||| 001 1 spa d | ||
| 040 |
_aCENDOC CAAAP _bspa _cCAAAP |
||
| 041 | _aspa | ||
| 050 |
_aPQ 8497 _bR95s |
||
| 100 | 1 |
_92541 _aRumrrill, Róger |
|
| 245 | 1 | 3 |
_aLa anaconda del Samiria / _cRóger Rumrrill |
| 250 | _a1ra ed. | ||
| 260 |
_aLima: _bEditorial Bruño, _cc.f. |
||
| 300 |
_a128 p.: _bilustraciones ; _c17 cm. |
||
| 505 | _aContiene : El muchacho y el tigre otorongo. -- Cayapo y el cazador -- La madre.-- Golondrinas -- Huapapa la pescadora del Amazonas -- Carpisho el constructor del bosque -- Los ojos de la serpiente -- El mono que casi muere de amor -- La anaconda del Samiria. | ||
| 650 | 1 | 0 |
_92572 _aCuentos infantiles peruanos _ySiglo XX. |
| 650 | 2 | 0 |
_9372 _aLiteratura |
| 942 |
_2lcc _b07 - 05 - 21 _cBK |
||
| 999 |
_c1222 _d1222 |
||